000
00314nam a22001217a 4500
020
_a
0-904609-25-1
082
_a
623.74752 SIM'T
100
_a
SIMPKIN, RICHARD
_9
48858
245
_a
TANK WARFARE AN ANALYSIS OF SOVIET AND NATO TANK PHILOSOPHY
260
_a
LONDON
_b
BRESSEYS
_c
1979
300
_a
232P
942
_c
BK
999
_c
581496
_d
581496